| 000 | 01295nam a2200253Ia 4500 | ||
|---|---|---|---|
| 001 | 10536 | ||
| 003 | GE_BSU | ||
| 008 | 181216s||||||||xx |||||||||||||| ||und|| | ||
| 020 | _a9789941147517 | ||
| 040 | _cGE_BSU | ||
| 080 | _a693.55/56(075.32) | ||
| 100 | _aჟორდანია,თ. მსხილაძე,ნ. | ||
| 245 | _aრკინაბეტონის სამუშაოთა წარმოება(მეყალიბე,მეარმატურე,მებეტონე). | ||
| 245 | _bსახელძღვანელო.შემუშავებულია ამერიკის სათემო კოლეჯები საერთაშორისო განვითარებისათვის ბაზაზე. | ||
| 245 | _cრედ:თ,ჟორდანია. | ||
| 260 | _aთბ. | ||
| 260 | _bტექნიკური უნივერსიტეტი. | ||
| 260 | _c2009 | ||
| 300 | _a278გვ.;ილ.;29სმ. ბიბლიოგრ.:გვ.277. | ||
| 300 | _eნახ. | ||
| 541 | _h30ლ. | ||
| 653 | _aრკინაბეტონის სამუშაოთა წარმოება(მეყალიბე,მეარმატურე,მებეტონე). | ||
| 942 | _cBK | ||
| 999 |
_c43791 _d43791 |
||